Continuous multivariate distributions (Record no. 34670)
[ view plain ]
| 000 -LEADER | |
|---|---|
| fixed length control field | 01070cam a2200313 4500 |
| 001 - CONTROL NUMBER | |
| control field | 4550595 |
| 003 - CONTROL NUMBER IDENTIFIER | |
| control field | OSt |
| 005 - DATE AND TIME OF LATEST TRANSACTION | |
| control field | 20220413081016.0 |
| 008 - FIXED-LENGTH DATA ELEMENTS--GENERAL INFORMATION | |
| fixed length control field | 720320s1972 nyu b 001 0 eng |
| 010 ## - LIBRARY OF CONGRESS CONTROL NUMBER | |
| LC control number | 72001342 |
| 020 ## - INTERNATIONAL STANDARD BOOK NUMBER | |
| International Standard Book Number | 0471443700 |
| 040 ## - CATALOGING SOURCE | |
| Original cataloging agency | DLC |
| Transcribing agency | HU |
| Modifying agency | DLC |
| 050 00 - LIBRARY OF CONGRESS CALL NUMBER | |
| Classification number | QA273.6 |
| Item number | .J62 |
| 082 00 - DEWEY DECIMAL CLASSIFICATION NUMBER | |
| Classification number | 519.5/3JOH1972 |
| 100 1# - MAIN ENTRY--PERSONAL NAME | |
| Personal name | Johnson, Norman Lloyd. |
| 9 (RLIN) | 35763 |
| 245 10 - TITLE STATEMENT | |
| Title | Continuous multivariate distributions |
| Statement of responsibility, etc. | [by] Norman L. Johnson [and] Samuel Kotz. |
| 260 ## - PUBLICATION, DISTRIBUTION, ETC. | |
| Place of publication, distribution, etc. | New York, |
| Name of publisher, distributor, etc. | Wiley |
| Date of publication, distribution, etc. | [1972] |
| 300 ## - PHYSICAL DESCRIPTION | |
| Extent | xiv, 333 p. |
| Dimensions | 23 cm. |
| 490 1# - SERIES STATEMENT | |
| Series statement | Distributions in statistics |
| 490 0# - SERIES STATEMENT | |
| Series statement | A Wiley publication in applied statistics |
| 490 0# - SERIES STATEMENT | |
| Series statement | Wiley series in probability and mathematical statistics |
| 504 ## - BIBLIOGRAPHY, ETC. NOTE | |
| Bibliography, etc. note | Includes bibliographies. |
| 650 #0 - SUBJECT ADDED ENTRY--TOPICAL TERM | |
| Topical term or geographic name entry element | Distribution (Probability theory) |
| 9 (RLIN) | 3173 |
| 650 #0 - SUBJECT ADDED ENTRY--TOPICAL TERM | |
| Topical term or geographic name entry element | Multivariate analysis. |
| 9 (RLIN) | 3579 |
| 700 1# - ADDED ENTRY--PERSONAL NAME | |
| Personal name | Kotz, Samuel, |
| Relator term | joint author. |
| 9 (RLIN) | 35764 |
| 800 1# - SERIES ADDED ENTRY--PERSONAL NAME | |
| Personal name | Johnson, Norman Lloyd. |
| Title of a work | Distributions in statistics. |
| 9 (RLIN) | 35765 |
| 906 ## - LOCAL DATA ELEMENT F, LDF (RLIN) | |
| a | 7 |
| b | cbc |
| c | orignew |
| d | 1 |
| e | ocip |
| f | 19 |
| g | y-gencatlg |
| 942 ## - ADDED ENTRY ELEMENTS (KOHA) | |
| Source of classification or shelving scheme | Dewey Decimal Classification |
| Koha item type | Books like text book referance book |
| Suppress in OPAC | No |
| Withdrawn status | Lost status | Source of classification or shelving scheme | Damaged status | Not for loan | Collection code | Home library | Current library | Shelving location | Date acquired | Total Checkouts | Full call number | Barcode | Date last seen | Copy number | Price effective from | Koha item type |
|---|---|---|---|---|---|---|---|---|---|---|---|---|---|---|---|---|
| Dewey Decimal Classification | Reference | Wondo Genet Library | Wondo Genet Library | General Stacks | 04/13/2022 | 519.5/3JOH1972 | WGCFNRL00018930 | 04/13/2022 | 1 | 04/13/2022 | Books like text book referance book |